000 00202 a2200097 4500
001 5224
100 _aWalker,JD
245 _aMechanical engineering Science
260 _a
_bEUP
_c
090 _c4343
_d4343
942 _aNUST-CAE
_cM
_c30649
999 _c240297
_d240297